Biggest European Cities that end in A with a Map - Statistics

General Stats
  • This quiz has been taken 317 times
  • The average score is 19 of 30
Answers on the Map
Answers color-coded by a green-red scale on the quiz's map according to % correct below.
 
Answer Stats
Population City % Correct
1,664,182 Barcelona
100%
1,921,153 Vienna
98%
1,221,785 Sofia
97%
627,847 Riga
96%
418,495 Tirana
95%
800,215 Valencia
94%
440,948 Bratislava
92%
1,017,699 Odessa
92%
558,930 Genoa
90%
286,745 Ljubljana
89%
578,460 Málaga
86%
422,587 Palma
85%
394,463 Bologna
84%
681,877 Zaragoza
80%
294,298 Catania
76%
332,394 Varna
71%
459,403 Murcia
68%
1,125,933 Ufa
64%
326,039 Córdoba
63%
1,144,759 Samara
62%
319,279 Timișoara
55%
731,922 Zaporizhia
41%
467,955 Tula
31%
604,266 Makhachkala
30%
370,707 Vinnytsia
22%
516,450 Penza
21%
331,842 Kaluga
20%
308,530 Vologda
19%
341,362 Makiivka
14%
507,307 Balashikha
12%
No matching quizzes found
Score Distribution
Percent of People with Each Score
Percentile by Number Answered
Your Score History
You have not taken this quiz